000 00650nam a2200229Ia 4500
003 OSt
005 20220923230219.0
006 a|||||r|||| 00| 0
007 ta
008 Pun
024 _a278,419
037 _cTextual
040 _aARTS
_cARTS
_bPun
041 _2Pun
_aPun
082 _aO153,1L30:g(Y), N1
100 _aਨੀਲਮਜੀਤ ਕੌਰ
245 0 _aਹੀਰ ਵਾਰਿਸ ਵਿਚ ਪੰਜਾਬੀ ਸੰਸਕ੍ਰਿਤੀ
260 _c1991
650 _aਪੰਜਾਬੀ ਸਾਹਿਤ
942 _hO153,1L30:g(Y), N1
_cTEXL
_2CC
999 _c383294
_d383294